[Event "IND-ch U09 Girls 37th"]
[Site "Pune"]
[Date "2024.12.28"]
[Round "3"]
[White "Tvesha, Ashish Jain"]
[Black "Ankita, Raj"]
[Result "1-0"]
[WhiteElo "1636"]
[BlackElo "1457"]
[PlyCount "80"]
[EventDate "2024.12.27"]
[EventType "swiss"]
[EventRounds "11"]
[EventCountry "IND"]
[SourceTitle "CB02_2025"]
[SourceDate "2025.01.08"]
[SourceVersion "1"]
[SourceVersionDate "2025.01.08"]
[SourceQuality "1"]

1. d4 Nf6 2. c4 g6 3. Nf3 Bg7 4. g3 0-0 5. Bg2 d5 6. 0-0 e6 7. Nc3 Nc6 8. b3 Ne4 9. Bb2 f5 10. e3 Ne7 11. Nd2 Nxc3 12. Bxc3 c5 13. Nf3 dxc4 14. bxc4 Nc6 15. Rc1 cxd4 16. exd4 Qd6 17. d5 exd5 18. Bxg7 Kxg7 19. Qxd5 Qf6 20. Rfe1 Rd8 21. Qc5 Be6 22. Rb1 Rd7 23. Ng5 Bg8 24. Nf3 Rad8 25. Nh4 f4 26. Bh3 Rd2 27. Rxb7+ Kh8 28. Bg2 fxg3 29. hxg3 Nd4 30. Nf3 Nxf3+ 31. Bxf3 Rf8 32. Re3 g5 33. Qe7 Qxe7 34. Rbxe7 g4 35. Be2 Rd4 36. Rxa7 Bxc4 37. Ra4 Rc8 38. Rc3 Bxe2 39. Rxc8+ Kg7 40. Rxd4 Kf6 1-0

[Event "Mumbai One Wealth op 04"]
[Site "Mumbai"]
[Date "2024.03.12"]
[Round "2"]
[White "Boricha, Yohan"]
[Black "Tvesha, Ashish Jain"]
[Result "1-0"]
[WhiteElo "1840"]
[BlackElo "1522"]
[PlyCount "103"]
[EventDate "2024.03.11"]
[EventType "swiss"]
[EventRounds "7"]
[EventCountry "IND"]
[SourceTitle "EXT 2025"]
[Source "ChessBase"]
[SourceDate "2024.10.14"]
[SourceVersion "1"]
[SourceVersionDate "2024.10.14"]
[SourceQuality "1"]

1. e4 e5 2. Nf3 Nc6 3. Bc4 Bc5 4. c3 Nf6 5. d3 d6 6. a4 a5 7. Nbd2 Ne7 8. h3 h6 9. Nf1 Ng6 10. Ng3 0-0 11. 0-0 Be6 12. Bxe6 fxe6 13. d4 exd4 14. cxd4 Bb6 15. Qd3 Qe8 16. Be3 Rd8 17. Rfe1 e5 18. dxe5 dxe5 19. Qb3+ Kh8 20. Bxb6 cxb6 21. Qxb6 Nd7 22. Qxa5 Qe6 23. Rad1 b6 24. Qd5 Qe8 25. Qb5 Qe6 26. Nf5 Nf6 27. Nd2 Nf4 28. f3 N6h5 29. Kh2 Qg6 30. g4 Nf6 31. Nc4 h5 32. Nxe5 Qh7 33. g5 Ng4+ 34. fxg4 hxg4 35. h4 Rc8 36. Kg3 Rc5 37. Nf7+ Kg8 38. Qb3 g6 39. Ne5+ Kh8 40. Rd7 Nh5+ 41. Kh2 Rxe5 42. Rxh7+ Kxh7 43. Qxb6 Rf7 44. Qd6 Ra5 45. Rc1 Rxa4 46. Rc7 Rxc7 47. Qxc7+ Kh8 48. Qd8+ Kh7 49. Qd7+ Kg8 50. Nh6+ Kh8 51. Qc8+ Kg7 52. Qg8# 1-0

[Event "Asia-ch U08 Girls"]
[Site "Al Ain"]
[Date "2023.12.19"]
[Round "7"]
[White "Munkh Ayalguu, Dorjderem"]
[Black "Tvesha, Ashish Jain"]
[Result "0-1"]
[WhiteElo "1259"]
[BlackElo "1220"]
[PlyCount "68"]
[EventDate "2023.12.14"]
[EventType "swiss"]
[EventRounds "9"]
[EventCountry "UAE"]
[SourceTitle "EXT 2025"]
[Source "ChessBase"]
[SourceDate "2024.10.14"]
[SourceVersion "1"]
[SourceVersionDate "2024.10.14"]
[SourceQuality "1"]

1. c4 e5 2. Nc3 Nc6 3. g3 f5 4. Bg2 Nf6 5. e3 Bb4 6. Nge2 d6 7. a3 Bxc3 8. Nxc3 0-0 9. 0-0 Qe8 10. b4 a6 11. d4 e4 12. Bb2 Kh8 13. Qc2 Qh5 14. Qe2 Qh6 15. b5 Ne7 16. d5 Ng6 17. bxa6 bxa6 18. Na4 Ne5 19. Bxe5 dxe5 20. Nc5 f4 21. Nxe4 Ng4 22. h4 Bf5 23. Nc3 g5 24. Bf3 gxh4 25. Bxg4 Bxg4 26. Qxg4 hxg3 27. fxg3 Rg8 28. Qe6 Rxg3+ 29. Kf2 Qh2+ 30. Ke1 Rxe3+ 31. Kd1 Rd3+ 32. Kc1 Rxc3+ 33. Kd1 Qc2+ 34. Ke1 Re3# 0-1

[Event "IND-ch U15"]
[Site "Mumbai"]
[Date "2023.11.20"]
[Round "6"]
[White "Tvesha, Ashish Jain"]
[Black "Bhoir, Paras Dilip"]
[Result "0-1"]
[WhiteElo "1154"]
[BlackElo "1875"]
[PlyCount "48"]
[EventDate "2023.11.15"]
[EventType "swiss"]
[EventRounds "7"]
[EventCountry "IND"]
[SourceTitle "CBM 217 Extra"]
[Source "ChessBase"]
[SourceDate "2024.01.31"]
[SourceVersion "1"]
[SourceVersionDate "2024.01.31"]
[SourceQuality "1"]

1. e4 c5 2. c4 Nc6 3. Nc3 g6 4. g3 Bg7 5. Bg2 h5 6. Nge2 h4 7. gxh4 d6 8. d3 Rxh4 9. h3 Nf6 10. Bg5 Rh8 11. Qd2 Be6 12. Nf4 Nd4 13. Nxe6 Nxe6 14. e5 Nxg5 15. exf6 Bxf6 16. Bxb7 Rb8 17. Bc6+ Kf8 18. h4 Ne6 19. 0-0-0 Qa5 20. Rdg1 Bg7 21. Kd1 Bh6 22. Qc2 Nd4 23. Qa4 Qxc3 24. bxc3 Rb1# 0-1

[Event "IND-ch U15"]
[Site "Mumbai"]
[Date "2023.11.19"]
[Round "5"]
[White "Kshaunish, Prakash Jaiswal"]
[Black "Tvesha, Ashish Jain"]
[Result "0-1"]
[WhiteElo "1436"]
[BlackElo "1154"]
[PlyCount "80"]
[EventDate "2023.11.15"]
[EventType "swiss"]
[EventRounds "7"]
[EventCountry "IND"]
[SourceTitle "CBM 217 Extra"]
[Source "ChessBase"]
[SourceDate "2024.01.31"]
[SourceVersion "1"]
[SourceVersionDate "2024.01.31"]
[SourceQuality "1"]

1. e4 e5 2. Nf3 Nc6 3. Bc4 Bc5 4. c3 Nf6 5. d3 d6 6. a4 a6 7. b4 Bb6 8. Be3 Be6 9. Nbd2 h6 10. Bxb6 cxb6 11. Qb3 Bxc4 12. Nxc4 0-0 13. 0-0 Re8 14. Ne3 Ne7 15. Rfe1 Ng6 16. Rad1 Qd7 17. Qc2 Rac8 18. d4 exd4 19. Rxd4 Qc6 20. Rc4 Qd7 21. Rxc8 Qxc8 22. Nf5 Qd7 23. h3 Re6 24. c4 Qe8 25. Nd2 Re5 26. Nxd6 Qe7 27. Qd3 Nf4 28. Qd4 Rg5 29. g3 Qe6 30. Nf5 Rxf5 31. gxf4 Rxf4 32. Qe3 Nh5 33. Kh2 Rh4 34. Rg1 Qe5+ 35. Kh1 Nf4 36. Rg3 Qh5 37. Kh2 Ne2 38. Rf3 Qe5+ 39. Kh1 Qa1+ 40. Kh2 Qg1# 0-1